logo

Bir Sreshtho Munshi Abdur Rouf Library
Jhenaidah Cadet College

Poetical works / (Record no. 6592)

MARC details
000 -LEADER
fixed length control field 00894nam a2200265 a 4500
001 - CONTROL NUMBER
JCCL Control Number 6592
003 - CONTROL NUMBER IDENTIFIER
JCCL marc code BD-JhCC
005 - DATE AND TIME OF LATEST TRANSACTION
control field 20180130093251.0
008 - FIXED-LENGTH DATA ELEMENTS--GENERAL INFORMATION
fixed length control field 182701s19371969enk 001 0 eng d
035 ## - SYSTEM CONTROL NUMBER
system control number (BD-JhCC)6592
040 ## - CATALOGING SOURCE
Original cataloging agency BD-JhCC
Transcribing agency ITD
Modifying agency BD-JhCC
-- OCL
041 ## - LANGUAGE CODE
Language code of Book eng
082 ## - DEWEY DECIMAL CLASSIFICATION NUMBER
Classification number 821.8
Author mark and Year THO 1965
100 1# - MAIN ENTRY--PERSONAL NAME
Personal name Thompson, Francis,
Dates associated with a name 1859-1907.
245 10 - TITLE STATEMENT
Title Poetical works /
Statement of responsibility, etc Francis Thompson
260 ## - PUBLICATION, DISTRIBUTION, ETC. (IMPRINT)
Place of publication, distribution, etc Oxford University Press :
Name of publisher, distributor, etc London,
Date of publication, distribution, etc [1937]
300 ## - PHYSICAL DESCRIPTION
Pagination xi, 367, [1] p. :
Dimensions 19 cm
490 0# - SERIES STATEMENT
Series statement Oxford standard authors
500 ## - GENERAL NOTE
General note "A note by Francis Thompson's literary executor" signed: W. M. [i. e. Wilfrid Meynell]
500 ## - GENERAL NOTE
General note This is a reprint of The poems of Francis Thompson, published by Oxford University Press in 1937
504 ## - BIBLIOGRAPHY, ETC. NOTE
Bibliography, etc Includes Index and Bibliography: p. 355-361
650 ## - SUBJECT ADDED ENTRY--TOPICAL TERM
Topical term or geographic name as entry element Collection of Poems
942 ## - ADDED ENTRY ELEMENTS (KOHA)
Source of classification or shelving scheme Dewey Decimal Classification
Koha item type Books
Holdings
Source of classification or shelving scheme Damaged status Not for loan Home library Current library Shelving location Total Checkouts Full call number Barcode Date last seen Copy number Koha item type
Dewey Decimal Classification     JCC Rouf Library JCC Rouf Library General Stacks   821.8 THO 1965 9052 01/27/2018 C - 1 Books

JCC Library | Contacts | JCC Home

Last Update on 23 September 2017
Copyright @ 2017-2020 JCC Rouf Library
Rouf Library, Jhenidah Cadet College (JCC), Bangladesh